000 00442 a2200193 4500
001 141048
040 _cLeonardo Da Vinci
041 _aPortuguês
082 _aI J94ma
_bJ94ma
100 _aJUNQUEIRA, Sonia
245 _aO macaco medroso
260 _bÁtica
_c1984
_aSão Paulo
300 _a24
362 _a19840000
490 _aEstrelinha 2
500 _aMichele (Ilustração)
697 _aLiteratura infantil
942 _cBK
999 _c141048
_d141048